000 00819nam a2200241 i 4500
001 187053
003 SpMaBN
005 20230906222815.0
008 170406s1991 sp |||| | spa d
020 _a84-7719-238-3
080 _a807.1-25
080 _a807.1-561.7
100 1 _aSánchez Manzano, María Asunción.
_9102748
245 1 0 _aEstudio estructural de los verbos de la muerte en el latín arcaico y clásico /
_cMaría Asunción Sánchez Manzano.
260 _aLeón :
_bUniversidad, Secretariado de Publicaciones,
_c[1991]
300 _a205 p. ;
_c24 cm.
500 _aGlosario de verbos.
504 _aBibliografía: p. 171-200.
650 0 7 _aLengua latina-
_xVerbo.
_914308
650 0 7 _aLengua latina-
_xSintaxis.
_914306
710 2 _aUniversidad de León.
_97200
852 _aES-MaACL
_jL-31374
999 _c187053
_d187053